000 00337nam a22001457a 4500
008 210520b ||||| |||| 00| 0 eng d
020 _a9780735502963
041 _aeng
080 _22nd
_a82
082 _a82
100 _a21
101 _aGJL
245 _aThe Legal Research and Writing Handbook
_cAndrea B. Yelin
942 _2udc
_cBK
999 _c57555
_d57555